| 000 | 00492nam a2200145Ia 4500 | ||
|---|---|---|---|
| 008 | 170221s9999 xx 000 0 und d | ||
| 100 | _aYu-Kai Mike Wang | ||
| 245 | _aValue creation and appropriation at the top | ||
| 245 | _cYu-Kai Mike Wang, Soochow University; Aya Chacar, Florida International University. | ||
| 260 | _bJournal of Management and Marketing Research | ||
| 260 | _c2014 | ||
| 300 | _a2 : 1 | ||
| 650 | _xBusiness | ||
| 856 | _uhttp://www.aabri.com/manuscripts/121103.pdf | ||
| 999 |
_c313687 _d313687 |
||